Notions du programme de philosophie de terminale - Statistiques

Statistiques générales
  • Ce quiz a été pris 206 fois
  • Le résultat moyen est 11 sur 17
Statistiques - réponses
Réponse % Correct
La Conscience
79%
Le Bonheur
75%
L’Art
74%
La Religion
70%
La Justice
68%
La Liberté
68%
La Science
67%
La Vérité
67%
L’État
67%
La Nature
62%
Le Temps
58%
Le Travail
58%
L’Inconscient
57%
La Raison
54%
Le Langage
54%
La Technique
53%
Le Devoir
48%
Aucun quiz correspondant
Distribution des résultats
% des personnes avec chaque résultat
Percentile par nombre de réponses
Votre historique - résultats
Vous n’avez pas pris ce quiz